Phương pháp dạy dấu câu Tiếng Việt ở trường phổ thông

Đã lưu trong:
書目詳細資料
主要作者: Nguyễn, Xuân Khoa
格式: 圖書
語言:Undetermined
出版: H. Giáo dục 1996
主題:
在線閱讀:http://lrc.tdmu.edu.vn/opac/search/detail.asp?aID=2&ID=7115
標簽: 添加標簽
沒有標簽, 成為第一個標記此記錄!
Thư viện lưu trữ: Trung tâm Học liệu Trường Đại học Thủ Dầu Một
LEADER 00660nam a2200193Ia 4500
001 TDMU_7115
008 210410s9999 xx 000 0 und d
082 |a 495.922 
090 |b NG527 
100 |a Nguyễn, Xuân Khoa 
245 0 |a Phương pháp dạy dấu câu Tiếng Việt ở trường phổ thông 
245 0 |c Nguyễn Xuân Khoa 
260 |a H. 
260 |b Giáo dục 
260 |c 1996 
300 |a 192tr 
650 |a Tiếng Việt; Phương pháp giảng dạy 
856 |u http://lrc.tdmu.edu.vn/opac/search/detail.asp?aID=2&ID=7115 
980 |a Trung tâm Học liệu Trường Đại học Thủ Dầu Một